000 01669nam a22003377a 4500
005 20160922020002.0
008 150310b2014 ck |||||r||||a00| 0 spa d
020 _a9789584240231
020 _a9584240234
040 _aCO-BOIAvH
_cCO-BOIAvH
041 _aspa
044 _ack
082 0 4 _a333.72
_bL35a
100 1 _aLatorre Parra, Juan Pablo
245 1 0 _aAtlas del Sistema Nacional de Áreas Protegidas Continentales en Colombia/
_cJuan Pablo Latorre Parra, Omar Jaramillo Rodríguez, Luisa Patricia Corredor Gil.
250 _aPrimera edición
260 _aBogotá:
_bParques Nacionales Naturales de Colombia,
_c2014.
300 _a309 p.
_bmapas a color, tablas
_c29 cm.
504 _aIncluye referencias bibliográficas (pag. 309-310)
505 _aProvincia biogeográfica del cinturón árido pericaribeño. Provincia biogeográfica del Macizo de la Sierra Nevada de Santa Marta. Provincia biogeográfica del Chocó, Magdalena, Catatumbo. Provincia biogeográfica Norandina. Provincia biogeográfica de la Orinoquía. Provincia biogeográfica de la Guayana. Provincia biogeográfica de la Amazonía.
650 5 _aColombia
_vatlas
_xmapas
650 5 _aCartografía
_zColombia
650 5 _aAreas protegidas continentales
_vatlas
_xmapas
_zColombia
650 5 _aParques Nacionales Naturales
_vatlas
_xmapas
_zColombia
650 5 _aBiomas
650 5 _aBiogeografía
_zColombia
700 1 _aJaramillo Rodríguez, Omar
700 1 _aCorredor Gil, Luisa Patricia
856 _uhttp://sinap.parquesnacionales.gov.co/wp-content/uploads/2014/07/ATLAS-SINAP.pdf
942 _2ddc
_cLIBRO
_04
999 _c9093
_d9093